000 00730npc a2200217Ia 4500
001 onu17-1415 [d000001378]
003 IT-MiCISF
008 161014s9999||||xx | und||
040 _aIT-MiCISF
_cIT-MiCISF
041 _aen
100 _aAA.VV.
240 _aPatterns of Fertility in Low-fertility Settings
245 0 _aPatterns of Fertility in Low-fertility Settings
250 _a1a ed.
260 _a New York
_bUnited Nations
_c1992
300 _app. 134
500 _aDepartment of Economic and Social Development / popolazione, fertilità, situazione-demografica, comparazione, fasce-di-età, calendario-nascite, figli-naturali /
650 _apopolazione
942 _cDD
957 _71
999 _a1415
_bsi
_g1
_c206079
_d206079